01028nam a2200241Ia 4500001000600000003000900006008004100015040001300056040001300069041001300082100002400095100002900119245006700148245006900215250001100284260001100295260001100306260004900317300005900366500028700425650004300712650003100755G3579IT-RoPAU130308s9999 xx 000 0 und d aIT-RoPAU cIT-RoPAU aFRANCESE aDe la Brosse Renaud gCodice Aut. SPICS: 44790 aUniformisation mediatique des societes d'Afrique subsaharienne bVers Une Citoyennete' Simulee: Medias, Reseaux et Mondialisation a1a ed. aRENNES bApogee c1999 [1° Ed.:1999 - Ed.Ling.Originale:1999] a"19 p. (prefazione: no ; testo: 19 [pagine: 241-259])" aUniformizzazione Mediatica delle Società dell'Africa Subsahariana. spazi Mediatici Soprannazionali. scambi a Senso Unico. paesi senza Influenza. Dipendenza Tecnica. spazi Mediatici Locali. Esistono Media Nazionali? impossibile Radicamento del sentimento di Appartenenza Nazionale. aSOCIOLOGIA DELLA COMUNICAZIONE SOCIALE eCodice materia Spics: 3806